000 02142nam a22002057a 4500
008 251029b |||||||| |||| 00| 0 eng d
020 _a9781804544334
040 _ctbs
041 _aeng
050 _aQB843.B55
_bC4868 2024
100 _aChown, Marcus
_926380
_eauthor
245 _aA crack in everything
_b: how black holes came in from the cold and took cosmic centre stage
_c/ Marcus Chown.
260 _aLondon :
_bHead of Zeus, an Apollo book,
_c2024.
300 _a334 pages ;
_c20 cm.
520 _aWhat is space? What is time? Where did the universe come from? The answers to mankind's most enduring questions may lie in science's greatest enigma: black holes. A black hole is a region of space where gravity is so strong that nothing, not even light, can escape. This can occur when a star approaches the end of its life. Unable to generate enough heat to maintain its outer layers, it shrinks catastrophically down to an infinitely dense point. When this phenomenon was first proposed in 1916, it defied scientific understanding so much that Albert Einstein dismissed it as too ridiculous to be true. But scientists have since proven otherwise. In 1971, Paul Murdin and Louise Webster discovered the first black hole: Cygnus X-1. Later, in the 1990s, astronomers using NASA's Hubble Space Telescope found that not only do black holes exist, supermassive black holes lie at the heart of almost every galaxy, including our own. It would take another three decades to confirm this phenomenon. On 10 April 2019, a team of astronomers made history by producing the first image of a black hole. A Crack in Everything is the story of how black holes came in from the cold and took cosmic centre stage. As a journalist, Marcus Chown interviews many of the scientists who made the key discoveries, and, as a former physicist, he translates the most esoteric of science into everyday language. The result is a uniquely engaging page-turner that tells one of the great untold stories in modern science.
650 0 _aAstronomy
_925079
650 0 _aBlack holes (Astronomy)
_922486
650 0 _aSpace and time
_912650
942 _2lcc
999 _c5122
_d5122